000
00331nam a2200133Ia 4500
008
240624s9999 xx 000 0 und d
041
_a
eng
082
_a
823 STE
100
_a
STEVENSON ROBERT LOUIS
245
_a
KIDNAPPED
260
_c
2011
_a
New Delhi
_b
HarperCollins
300
_a
vii,, : 272 : p. : cm. ; 18
365
_c
RS
_b
25
999
_c
18591
_d
18591